<?xml version="1.0" encoding="UTF-8"?>
<record
    xmlns:xsi="http://www.w3.org/2001/XMLSchema-instance"
    xsi:schemaLocation="http://www.loc.gov/MARC21/slim http://www.loc.gov/standards/marcxml/schema/MARC21slim.xsd"
    xmlns="http://www.loc.gov/MARC21/slim">

  <leader>02022nam2a2200349   4500</leader>
  <controlfield tag="001">RU\NLR\bibl\1086883</controlfield>
  <controlfield tag="005">20250630112747.0</controlfield>
  <datafield tag="010" ind1=" " ind2=" ">
    <subfield code="a">5-902079-46-2</subfield>
    <subfield code="9">100</subfield>
  </datafield>
  <datafield tag="021" ind1=" " ind2=" ">
    <subfield code="a">RU</subfield>
    <subfield code="b">2006-16201&#x43F;</subfield>
    <subfield code="9">606</subfield>
  </datafield>
  <datafield tag="035" ind1=" " ind2=" ">
    <subfield code="a">(NLR Aleph) 001074043</subfield>
  </datafield>
  <datafield tag="090" ind1=" " ind2=" ">
    <subfield code="a">1016887</subfield>
    <subfield code="c">1016887</subfield>
  </datafield>
  <datafield tag="100" ind1=" " ind2=" ">
    <subfield code="a">20070516d2005    |||y0rusy50      ca</subfield>
  </datafield>
  <datafield tag="101" ind1="0" ind2=" ">
    <subfield code="a">rus</subfield>
  </datafield>
  <datafield tag="102" ind1=" " ind2=" ">
    <subfield code="a">RU</subfield>
  </datafield>
  <datafield tag="105" ind1=" " ind2=" ">
    <subfield code="a">y   |||||||||</subfield>
  </datafield>
  <datafield tag="200" ind1="1" ind2=" ">
    <subfield code="a">&#x413;&#x443;&#x43C;&#x430;&#x43D;&#x438;&#x441;&#x442;&#x438;&#x447;&#x435;&#x441;&#x43A;&#x430;&#x44F; &#x43F;&#x440;&#x43E;&#x444;&#x435;&#x441;&#x441;&#x438;&#x43E;&#x43D;&#x430;&#x43B;&#x44C;&#x43D;&#x430;&#x44F; &#x448;&#x43A;&#x43E;&#x43B;&#x430;</subfield>
    <subfield code="e">(&#x43E;&#x431;&#x440;&#x430;&#x437;, &#x440;&#x435;&#x444;&#x43B;&#x435;&#x43A;&#x441;&#x438;&#x44F;, &#x43F;&#x440;&#x430;&#x43A;&#x442;&#x438;&#x447;&#x435;&#x441;&#x43A;&#x430;&#x44F; &#x43F;&#x43E;&#x434;&#x434;&#x435;&#x440;&#x436;&#x43A;&#x430; &#x438; &#x440;&#x430;&#x437;&#x432;&#x438;&#x442;&#x438;&#x435; &#x43B;&#x438;&#x447;&#x43D;&#x43E;&#x441;&#x442;&#x438;)</subfield>
    <subfield code="e">[&#x441;&#x431;&#x43E;&#x440;&#x43D;&#x438;&#x43A; &#x441;&#x442;&#x430;&#x442;&#x435;&#x439;]</subfield>
  </datafield>
  <datafield tag="210" ind1=" " ind2=" ">
    <subfield code="a">&#x421;&#x442;&#x430;&#x432;&#x440;&#x43E;&#x43F;&#x43E;&#x43B;&#x44C;</subfield>
    <subfield code="c">&#x418;&#x437;&#x434;-&#x432;&#x43E; &#x41D;&#x41E;&#x423; "&#x421;&#x435;&#x432;&#x435;&#x440;&#x43E;-&#x41A;&#x430;&#x432;&#x43A;&#x430;&#x437;&#x441;&#x43A;&#x438;&#x439; &#x441;&#x43E;&#x446;&#x438;&#x430;&#x43B;&#x44C;&#x43D;&#x44B;&#x439; &#x438;&#x43D;&#x441;&#x442;&#x438;&#x442;&#x443;&#x442;"</subfield>
    <subfield code="d">2005</subfield>
  </datafield>
  <datafield tag="215" ind1=" " ind2=" ">
    <subfield code="a">103 &#x441;.</subfield>
    <subfield code="d">20</subfield>
  </datafield>
  <datafield tag="225" ind1="1" ind2=" ">
    <subfield code="a">&#x421;&#x43E;&#x446;&#x438;&#x430;&#x43B;&#x44C;&#x43D;&#x430;&#x44F; &#x440;&#x430;&#x431;&#x43E;&#x442;&#x430;: &#x440;&#x435;&#x433;&#x438;&#x43E;&#x43D;&#x430;&#x43B;&#x44C;&#x43D;&#x44B;&#x439; &#x43A;&#x43E;&#x43D;&#x442;&#x435;&#x43A;&#x441;&#x442;</subfield>
    <subfield code="e">&#x43D;&#x430;&#x443;&#x447;&#x43D;&#x43E;-&#x43F;&#x43E;&#x43F;&#x443;&#x43B;&#x44F;&#x440;&#x43D;&#x44B;&#x439; &#x430;&#x43B;&#x44C;&#x43C;&#x430;&#x43D;&#x430;&#x445;</subfield>
    <subfield code="v">&#x432;&#x44B;&#x43F;. 3: &#x441;&#x43F;&#x435;&#x446;. &#x432;&#x44B;&#x43F;.</subfield>
  </datafield>
  <datafield tag="320" ind1=" " ind2=" ">
    <subfield code="a">&#x411;&#x438;&#x431;&#x43B;&#x438;&#x43E;&#x433;&#x440;. &#x432; &#x43A;&#x43E;&#x43D;&#x446;&#x435; &#x441;&#x442;.</subfield>
  </datafield>
  <datafield tag="461" ind1=" " ind2="0">
    <subfield code="1">001RU\NLR\INFOCOMM9\5000117095</subfield>
    <subfield code="1">2001#$a&#x421;&#x43E;&#x446;&#x438;&#x430;&#x43B;&#x44C;&#x43D;&#x430;&#x44F; &#x440;&#x430;&#x431;&#x43E;&#x442;&#x430;: &#x440;&#x435;&#x433;&#x438;&#x43E;&#x43D;&#x430;&#x43B;&#x44C;&#x43D;&#x44B;&#x439; &#x43A;&#x43E;&#x43D;&#x442;&#x435;&#x43A;&#x441;&#x442;$e&#x41D;&#x430;&#x443;&#x447;.-&#x43F;&#x43E;&#x43F;&#x443;&#x43B;. &#x430;&#x43B;&#x44C;&#x43C;.$v&#x412;&#x44B;&#x43F;. 3 (&#x441;&#x43F;&#x435;&#x446;. &#x432;&#x44B;&#x43F;.)</subfield>
    <subfield code="9">4065667</subfield>
    <subfield code="c">&#x421;&#x442;&#x430;&#x432;&#x440;&#x43E;&#x43F;&#x43E;&#x43B;&#x44C;</subfield>
    <subfield code="d">2003-</subfield>
    <subfield code="n">&#x421;&#x442;&#x430;&#x432;&#x440;&#x43E;&#x43F;&#x43E;&#x43B;&#x44C; &#x441;&#x435;&#x440;&#x432;&#x438;&#x441; &#x448;&#x43A;&#x43E;&#x43B;&#x430;</subfield>
    <subfield code="o">&#x41D;&#x430;&#x443;&#x447;.-&#x43F;&#x43E;&#x43F;&#x443;&#x43B;. &#x430;&#x43B;&#x44C;&#x43C;.</subfield>
    <subfield code="t">&#x421;&#x43E;&#x446;&#x438;&#x430;&#x43B;&#x44C;&#x43D;&#x430;&#x44F; &#x440;&#x430;&#x431;&#x43E;&#x442;&#x430;: &#x440;&#x435;&#x433;&#x438;&#x43E;&#x43D;&#x430;&#x43B;&#x44C;&#x43D;&#x44B;&#x439; &#x43A;&#x43E;&#x43D;&#x442;&#x435;&#x43A;&#x441;&#x442;</subfield>
    <subfield code="v">&#x412;&#x44B;&#x43F;. 3 (&#x441;&#x43F;&#x435;&#x446;. &#x432;&#x44B;&#x43F;.)</subfield>
  </datafield>
  <datafield tag="601" ind1="0" ind2="2">
    <subfield code="a">&#x421;&#x435;&#x432;&#x435;&#x440;&#x43E;-&#x41A;&#x430;&#x432;&#x43A;&#x430;&#x437;&#x441;&#x43A;&#x438;&#x439; &#x441;&#x43E;&#x446;&#x438;&#x430;&#x43B;&#x44C;&#x43D;&#x44B;&#x439; &#x438;&#x43D;&#x441;&#x442;&#x438;&#x442;&#x443;&#x442;</subfield>
    <subfield code="c">&#x421;&#x442;&#x430;&#x432;&#x440;&#x43E;&#x43F;&#x43E;&#x43B;&#x44C;, &#x433;&#x43E;&#x440;&#x43E;&#x434;</subfield>
    <subfield code="j">&#x421;&#x431;&#x43E;&#x440;&#x43D;&#x438;&#x43A;&#x438;</subfield>
    <subfield code="x">&#x41F;&#x440;&#x435;&#x43F;&#x43E;&#x434;&#x430;&#x432;&#x430;&#x43D;&#x438;&#x435;</subfield>
    <subfield code="9">2477805</subfield>
    <subfield code="3">RU\NLR\auth\661471125</subfield>
  </datafield>
  <datafield tag="606" ind1="1" ind2=" ">
    <subfield code="a">&#x412;&#x44B;&#x441;&#x448;&#x435;&#x435; &#x43E;&#x431;&#x440;&#x430;&#x437;&#x43E;&#x432;&#x430;&#x43D;&#x438;&#x435;</subfield>
    <subfield code="j">&#x421;&#x431;&#x43E;&#x440;&#x43D;&#x438;&#x43A;&#x438;</subfield>
    <subfield code="x">&#x413;&#x443;&#x43C;&#x430;&#x43D;&#x438;&#x437;&#x430;&#x446;&#x438;&#x44F;</subfield>
    <subfield code="y">&#x420;&#x43E;&#x441;&#x441;&#x438;&#x439;&#x441;&#x43A;&#x430;&#x44F; &#x424;&#x435;&#x434;&#x435;&#x440;&#x430;&#x446;&#x438;&#x44F;</subfield>
    <subfield code="9">2477817</subfield>
    <subfield code="3">RU\NLR\auth\661471133</subfield>
  </datafield>
  <datafield tag="686" ind1=" " ind2=" ">
    <subfield code="a">&#x427;489.112&#x44F;43</subfield>
  </datafield>
  <datafield tag="686" ind1=" " ind2=" ">
    <subfield code="a">&#x427;481.21&#x44F;43</subfield>
  </datafield>
  <datafield tag="801" ind1=" " ind2="0">
    <subfield code="a">RU</subfield>
    <subfield code="b">NLR</subfield>
    <subfield code="c">20070516</subfield>
    <subfield code="g">RCR</subfield>
  </datafield>
  <datafield tag="801" ind1=" " ind2="1">
    <subfield code="a">RU</subfield>
    <subfield code="b">NLR</subfield>
    <subfield code="c">20070516</subfield>
  </datafield>
  <datafield tag="852" ind1=" " ind2=" ">
    <subfield code="a">NLR</subfield>
    <subfield code="j">&#x41F;25/443</subfield>
  </datafield>
  <datafield tag="942" ind1=" " ind2=" ">
    <subfield code="c">ISSUE</subfield>
  </datafield>
  <datafield tag="980" ind1=" " ind2=" ">
    <subfield code="a">NB</subfield>
  </datafield>
  <datafield tag="995" ind1=" " ind2=" ">
    <subfield code="5">2013-10-26</subfield>
    <subfield code="b">NLR01</subfield>
    <subfield code="c">NLR01</subfield>
    <subfield code="e">RJF</subfield>
    <subfield code="f">1074043-10</subfield>
    <subfield code="k">&#x41F;25/443</subfield>
    <subfield code="o">0</subfield>
    <subfield code="r">BOOK</subfield>
    <subfield code="s">25443_</subfield>
  </datafield>
</record>
